Statistiken für Die 10 beliebtesten Jetpunk-Themen (außer Geografie)

Klicken Sie hier um das Quiz zu spielen!

Allgemein

  • Dieses Quiz wurde 730 mal gespielt
  • Das Durchschnittsergebnis liegt bei 7 aus 10

Antwortstatistiken

ThemaAntworten aus dem Quiz% Korrekt
P{laneten}Mars, Erde, Venus, Neptun
98%
F{arben}Grau, Pink, Lila, Orange
97%
F{ußball}FC Augsburg, Energie Cottbus, Hertha BSC
97%
O{rgane}Dickdarm, Harnblase, Gehirn
93%
P{okémon}Schiggy, Bibor, Hornliu, Voltoball
75%
C{hemie}Molybdän, Technetium, Selen
70%
P{ersonen}Christoph Kolumbus, Jane Austen, Napoleon
61%
N{achnamen}Koch, Bauer, Richter, Zimmermann
55%
M{athematik}1706, 1736, 1930, 68, 290
42%
P{räsidenten}William McKinley, William Taft, Millard Fillmore
34%

Verteilung der Resultate

Perzentil nach korrekt beantworteten Fragen

Anzahl Personen mit jedem Resultat

Ihre Resultats-Entwicklung

Sie haben dieses Quiz noch nicht gespielt